Macbeth info quiz Stats

 Plays Quiz not verified by Sporcle

Score 0/20 Timer 08:00
0 Plays Today
% Correct
They fled to other countries
89%
They let Fleance escape
89%
He has no children
81.7%
Macbeth's mind
81.7%
He is on Macbeth's side on the end
78%
False
76.8%
False.
70.7%
True
69.5%
Tyrant
67.1%
Dearest
65.9%
% Correct
Red
65.9%
O
63.4%
Bellona
45.1%
Bloody
42.7%
Women
41.5%
Better
40.2%
Murky
37.8%
Witches practising dark magic
29.3%
Murderous
26.8%
Elaborate
22%

You're not logged in!

Compare scores with friends on all Sporcle quizzes.
OR
Log In

Sporcle TV

Today on Sporcle TV


Watch our educational content, quiz creation guides, and fun videos on Sporcle TV.

Show Comments

Extras

Top Quizzes Today


Score Distribution

Your Account Isn't Verified!

In order to create a playlist on Sporcle, you need to verify the email address you used during registration. Go to your Sporcle Settings to finish the process.

Report this User

Report this user for behavior that violates our Community Guidelines.

Details: